Normal view
MARC view
Entry Personal Name
001 - CONTROL NUMBER
- control field: 17259
003 - CONTROL NUMBER IDENTIFIER
- control field: OSt
005 - DATE AND TIME OF LATEST TRANSACTION
- control field: 20240614162838.0
008 - FIXED-LENGTH DATA ELEMENTS
- fixed length control field: 240614|| aca||aabn | a|a d
040 ## - CATALOGING SOURCE
- Original cataloging agency: OSt
- Transcribing agency: OSt
100 ## - HEADING--PERSONAL NAME
- Personal name: Lawden, D. F
670 ## - SOURCE DATA FOUND
- Source citation: Work cat.: (OSt)8499: Lawden, D. F., Introduction to tensor calculus, relativity, and cosmology /, C1982
